Wszystkie Republiki w Federacji Rosyjskiej - Statystyki

Ogólne statystyki
  • Ten quiz został rozwiązany 12 razy
  • Średni wynik to 6 z 21
Statystyki odpowiedzi
Okręg Federalny Odpowiedź % Poprawnych
Północnokaukaski Czeczenia
89%
Północnokaukaski Dagestan
78%
Dalekowschodni Jakucja
56%
Nadwołżański Tatarstan
56%
Syberyjski Tuwa
56%
Dalekowschodni Buriacja
33%
Północnokaukaski Inguszetia
33%
Południowy Adygeja
22%
Syberyjski Ałtaj
22%
Syberyjski Chakasja
22%
Północno-Zachodni Karelia
22%
Północno-Zachodni Komi
22%
Nadwołżański Mari El
22%
Nadwołżański Mordowia
22%
Północnokaukaski Osetia Północna
22%
Nadwołżański Baszkortostan
11%
Nadwołżański Czuwaszja
11%
Północnokaukaski Kabardo Bałkaria
11%
Południowy Kałmucja
11%
Północnokaukaski Karaczajo Czerkiesja
11%
Nadwołżański Udmurcja
11%
Nie znaleziono quizów pasujących do podanych kryteriów
Rozkład punktacji
Procent ludzi z każdym wynikiem
Percentyl według liczby udzielonych odpowiedzi
Twoja historia wyników
Nie rozwiązałeś tego quizu